[Event "Niederbayrische Einzelmeisterschaft"]
[Site "Niederbayern"]
[Date "2010.06.04"]
[Round "3.9"]
[White "Kleibel, Uwe"]
[Black "Woestmann, Oliver"]
[Result "1-0"]
[WhiteElo "1880"]
[BlackElo "1386"]
[PlyCount "109"]
[EventDate "2010.06.??"]
[EventType "swiss"]
[EventRounds "7"]
[EventCountry "GER"]
[SourceDate "2015.11.02"]
[SourceVersionDate "2015.11.02"]
[WhiteTeam "SC Ortenburg 1894"]
[BlackTeam "SV Aham"]

1. d4 d5 2. Bf4 Nf6 3. e3 Bf5 4. c4 c6 5. Nc3 e6 6. Qb3 b6 7. f3 Bd6 8. Nge2
O-O 9. g4 Bd3 10. cxd5 cxd5 11. Bg3 Nc6 12. Qd1 Nb4 13. Rc1 Ba6 14. Nf4 Bxf1
15. Kxf1 Rc8 16. a3 Nc6 17. Nd3 Na5 18. g5 Nc4 19. Qe2 Nh5 20. Bxd6 Qxd6 21. f4
g6 22. Ne5 f6 23. gxf6 Rxf6 24. Nb5 Qe7 25. b3 Nxf4 26. exf4 Rxf4+ 27. Ke1 Re4
28. Qxe4 dxe4 29. bxc4 a6 30. Nc3 Qxa3 31. Kd2 Rf8 32. Nxe4 Rd8 33. Nc6 Qb2+
34. Ke3 Rf8 35. Ne5 Qg2 36. Rcg1 Qa2 37. Rc1 Qg2 38. Rcg1 Qa2 39. Rf1 Qb3+ 40.
Kd2 Qb2+ 41. Kd3 Rxf1 42. Rxf1 Qxh2 43. Nf6+ Kg7 44. Ne8+ Kg8 45. Nf6+ Kg7 46.
Nfg4 Qg3+ 47. Rf3 Qe1 48. Rf7+ Kh8 49. Nf6 Qg3+ 50. Ke2 Qg2+ 51. Ke3 Qg3+ 52.
Nf3 Qh3 53. Rxh7+ Qxh7 54. Nxh7 Kxh7 55. c5 1-0

[Event "Niederbayrische Einzelmeisterschaft"]
[Site "Niederbayern"]
[Date "2010.06.04"]
[Round "3.10"]
[White "Oberpriller, Johannes"]
[Black "Ertl, Helmut"]
[Result "0-1"]
[WhiteElo "1800"]
[BlackElo "1627"]
[PlyCount "64"]
[EventDate "2010.06.??"]
[EventType "swiss"]
[EventRounds "7"]
[EventCountry "GER"]
[SourceDate "2015.11.02"]
[SourceVersionDate "2015.11.02"]
[WhiteTeam "FC Ergolding 1932"]
[BlackTeam "SV Deggendorf"]

1. d4 d5 2. c4 Nf6 3. cxd5 Nxd5 4. e4 Nf6 5. Nc3 e6 6. Nf3 Be7 7. Be3 Nbd7 8.
Be2 O-O 9. O-O Re8 10. h3 c5 11. Rc1 b6 12. d5 exd5 13. exd5 Bd6 14. Bc4 Ne5
15. Bb3 Bf5 16. Ne1 a6 17. Bg5 Qd7 18. f4 Ng6 19. g4 Be4 20. Bxf6 gxf6 21. f5
Nf4 22. Nxe4 Rxe4 23. Qf3 Rae8 24. Ng2 Ne2+ 25. Kh1 Nxc1 26. Rxc1 Re2 27. Bc4
Rxb2 28. Qc3 Be5 29. Qf3 b5 30. Bf1 Bd4 31. Rd1 Qd6 32. Qa3 Re3 0-1

[Event "Niederbayrische Einzelmeisterschaft"]
[Site "Niederbayern"]
[Date "2010.06.04"]
[Round "3.11"]
[White "Grigore-Nikolitsch, Corneliu"]
[Black "Grum, Theodor"]
[Result "0-1"]
[WhiteElo "1633"]
[BlackElo "1773"]
[PlyCount "46"]
[EventDate "2010.06.??"]
[EventType "swiss"]
[EventRounds "7"]
[EventCountry "GER"]
[SourceDate "2015.11.02"]
[SourceVersionDate "2015.11.02"]
[WhiteTeam "SC Rottal"]
[BlackTeam "SC Grafenau"]

1. e4 c5 2. Nc3 Nc6 3. Nge2 g6 4. d4 cxd4 5. Nxd4 Bg7 6. Ncb5 Nf6 7. Nxc6 bxc6
8. Nc3 Rb8 9. Be2 O-O 10. O-O d5 11. exd5 Nxd5 12. Nxd5 cxd5 13. c3 d4 14. cxd4
Bxd4 15. Rb1 Bf5 16. Bd3 Bxd3 17. Bf4 e5 18. Bh6 Re8 19. Qg4 Bxb1 20. Rxb1 Rxb2
21. Rf1 Qb6 22. h4 Bxf2+ 23. Kh1 Qd4 0-1

[Event "Niederbayrische Einzelmeisterschaft"]
[Site "Niederbayern"]
[Date "2010.06.04"]
[Round "3.12"]
[White "Thurnbauer, Alois"]
[Black "Staller, Josef"]
[Result "1/2-1/2"]
[WhiteElo "1534"]
[BlackElo "1676"]
[PlyCount "108"]
[EventDate "2010.06.??"]
[EventType "swiss"]
[EventRounds "7"]
[EventCountry "GER"]
[SourceDate "2015.11.02"]
[SourceVersionDate "2015.11.02"]
[WhiteTeam "SV Deggendorf"]
[BlackTeam "SC Rottal"]

1. d4 d5 2. e4 dxe4 3. Nc3 Nf6 4. f3 exf3 5. Nxf3 Bg4 6. h3 Bxf3 7. Qxf3 Nc6 8.
Bb5 Qd7 9. d5 Nxd5 10. Qxd5 e6 11. Qxd7+ Kxd7 12. Bf4 a6 13. O-O-O+ Bd6 14.
Bxc6+ Kxc6 15. g3 e5 16. Be3 Rad8 17. g4 Rhf8 18. Rhf1 g6 19. Rf6 Rd7 20. Ne4
b6 21. c4 Rfd8 22. Rdf1 Kb7 23. Nxd6+ Rxd6 24. Rxf7 Rd3 25. Kc2 Rxe3 26. Rxh7
Re2+ 27. Kc3 e4 28. Kb4 a5+ 29. Ka3 Rd3+ 30. b3 Rdd2 31. Ra1 Rd3 32. Rf1 Rdd2
33. Ra1 e3 34. Re7 Rd3 35. Rf1 Rf2 36. Rxe3 Rxe3 37. Rxf2 Rxh3 38. Rf6 Rg3 39.
Rxg6 Rg2 40. g5 Rg1 41. Rg8 Rg2 42. g6 Rg1 43. Ka4 Rg2 44. a3 Rg4 45. g7 Kc6
46. b4 axb4 47. axb4 Rg3 48. Rh8 Rxg7 49. Rh6+ Kb7 50. b5 Rg1 51. Kb4 Rc1 52.
Rh4 Kc8 53. Rh7 Kd8 54. Kb3 Kc8 1/2-1/2

[Event "Niederbayrische Einzelmeisterschaft"]
[Site "Niederbayern"]
[Date "2010.06.04"]
[Round "3.13"]
[White "Schubert, Heinz"]
[Black "Lichtmannecker, Hans-Juergen"]
[Result "0-1"]
[WhiteElo "1505"]
[BlackElo "1666"]
[PlyCount "92"]
[EventDate "2010.06.??"]
[EventType "swiss"]
[EventRounds "7"]
[EventCountry "GER"]
[SourceDate "2015.11.02"]
[SourceVersionDate "2015.11.02"]
[WhiteTeam "TV 1862 Geiselhöring"]
[BlackTeam "SV Aham"]

1. e4 c5 2. Nf3 Qc7 3. d4 cxd4 4. Nxd4 Nf6 5. Nc3 Nxe4 6. Nxe4 Qe5 7. Nf3 Qxe4+
8. Qe2 Qxe2+ 9. Bxe2 Nc6 10. c3 e6 11. Be3 Be7 12. Nd4 Nxd4 13. Bxd4 O-O 14.
O-O d5 15. Bd3 Bd7 16. f4 b6 17. f5 Bc5 18. Bxc5 bxc5 19. fxe6 Bxe6 20. Bf5 g6
21. Bxe6 fxe6 22. Rfe1 Rf6 23. Re5 c4 24. Rae1 Kf7 25. g4 Re8 26. g5 Rf5 27. h4
Rxe5 28. Rxe5 Ke7 29. Kg2 Kd6 30. Re2 Rf8 31. Kg3 e5 32. Rh2 Rf5 33. Kg4 Rf1
34. h5 Rg1+ 35. Kh4 d4 36. hxg6 hxg6 37. cxd4 exd4 38. Rf2 Re1 39. Rf6+ Re6 40.
Kg3 Rxf6 41. gxf6 Ke6 42. f7 Kxf7 43. Kf3 c3 44. bxc3 dxc3 45. Ke3 g5 46. Kd3
g4 0-1

[Event "Niederbayrische Einzelmeisterschaft"]
[Site "Niederbayern"]
[Date "2010.06.04"]
[Round "3.14"]
[White "Reich, Christian"]
[Black "Oberberger, Hans"]
[Result "1/2-1/2"]
[WhiteElo "1564"]
[BlackElo "1636"]
[PlyCount "97"]
[EventDate "2010.06.??"]
[EventType "swiss"]
[EventRounds "7"]
[EventCountry "GER"]
[SourceDate "2015.11.02"]
[SourceVersionDate "2015.11.02"]
[WhiteTeam "SC Straubing"]
[BlackTeam "SV Deggendorf"]

1. e4 c5 2. Nf3 d6 3. c4 Nc6 4. d3 g6 5. Nc3 Bg7 6. h3 Nf6 7. Be2 Bd7 8. O-O
O-O 9. a3 Ne8 10. Bd2 f5 11. Rb1 Nf6 12. Nd5 e6 13. Nxf6+ Bxf6 14. b4 b6 15. b5
Ne7 16. Qc1 Kh8 17. Bc3 e5 18. Bd2 f4 19. Nh2 Bg7 20. Bg4 Ng8 21. Qd1 Nf6 22.
f3 h5 23. Bxd7 Qxd7 24. Be1 Bh6 25. a4 Rg8 26. a5 g5 27. Rb2 Rg7 28. Ra2 Qc8
29. axb6 axb6 30. Rxa8 Qxa8 31. g4 h4 32. Rf2 Ra7 33. Rc2 Nd7 34. Nf1 Nf8 35.
Bf2 Ne6 36. Kg2 Bg7 37. Nd2 Ra3 38. Nb1 Ra1 39. Rb2 Bf6 40. Qc2 Qa5 41. Nc3 Nd4
42. Qd2 Bd8 43. Bxd4 exd4 44. Ne2 Qa4 45. Nc1 Kg7 46. Kf2 Kf6 47. Ke2 Ke5 48.
Ra2 Rxa2 49. Qxa2 1/2-1/2

[Event "Niederbayrische Einzelmeisterschaft"]
[Site "Niederbayern"]
[Date "2010.06.04"]
[Round "3.15"]
[White "Westenthanner, Paul"]
[Black "Gerl, Hans-Peter"]
[Result "1-0"]
[WhiteElo "1549"]
[BlackElo "1707"]
[PlyCount "61"]
[EventDate "2010.06.??"]
[EventType "swiss"]
[EventRounds "7"]
[EventCountry "GER"]
[SourceDate "2015.11.02"]
[SourceVersionDate "2015.11.02"]
[WhiteTeam "SK Landshut"]
[BlackTeam "SC Straubing"]

1. d4 Nf6 2. Nf3 g6 3. Nbd2 Bg7 4. e4 d6 5. Bd3 O-O 6. Nf1 e5 7. dxe5 dxe5 8.
Nxe5 Nxe4 9. Nxf7 Rxf7 10. Bxe4 Qe8 11. Qe2 Re7 12. Bd5+ Kh8 13. Ne3 c6 14. Bb3
Bf5 15. O-O Nd7 16. c3 Nf6 17. h3 Nh5 18. g4 Nf4 19. Qf3 Bd3 20. Qxf4 Bxf1 21.
Kxf1 Rd8 22. Ng2 Qd7 23. Be3 Rf8 24. Qc4 b5 25. Qe2 c5 26. Qd2 Qc7 27. Bf4 Rd8
28. Qe3 Qb7 29. Qxc5 Red7 30. Re1 Rf8 31. Be5 1-0

[Event "Niederbayrische Einzelmeisterschaft"]
[Site "Niederbayern"]
[Date "2010.06.04"]
[Round "3.16"]
[White "Haimerl, Willibald"]
[Black "Lenhard, Alexander"]
[Result "1/2-1/2"]
[WhiteElo "1640"]
[BlackElo "1240"]
[PlyCount "111"]
[EventDate "2010.06.??"]
[EventType "swiss"]
[EventRounds "7"]
[EventCountry "GER"]
[SourceDate "2015.11.02"]
[SourceVersionDate "2015.11.02"]
[WhiteTeam "SV Deggendorf"]
[BlackTeam "ESK Plattling"]

1. e4 e5 2. Nf3 Nf6 3. Nc3 Nc6 4. Bb5 Bb4 5. d3 O-O 6. O-O d6 7. h3 h6 8. Ne2
Ne7 9. c3 Ba5 10. a4 c6 11. Bc4 Bc7 12. Ng3 a5 13. Re1 Ng6 14. d4 Re8 15. Qc2
d5 16. Ba2 Bb8 17. Bd2 Be6 18. exd5 Bxd5 19. Bxd5 Nxd5 20. Rad1 exd4 21. Nxd4
Rxe1+ 22. Rxe1 Bxg3 23. fxg3 Qc7 24. Qd3 Nf6 25. Qf3 Re8 26. Rxe8+ Nxe8 27. Nf5
Qb6+ 28. Qe3 Qxe3+ 29. Bxe3 Ne5 30. b3 b5 31. Bd4 Ng6 32. Bb6 Nf6 33. axb5 cxb5
34. Bxa5 Ne4 35. c4 bxc4 36. bxc4 Ne5 37. Ne3 Nxg3 38. Bc7 f6 39. Bxe5 fxe5 40.
Kf2 Ne4+ 41. Kf3 Nc5 42. Ng4 e4+ 43. Ke3 Kf7 44. Nf2 Ke6 45. Nxe4 Nd7 46. Kd4
Nf8 47. g4 g6 48. h4 h5 49. Ng5+ Ke7 50. gxh5 gxh5 51. Ke4 Ng6 52. Nf3 Kd6 53.
Kf5 Nxh4+ 54. Nxh4 Kc5 55. Kg5 Kxc4 56. Kxh5 1/2-1/2

[Event "Niederbayrische Einzelmeisterschaft"]
[Site "Niederbayern"]
[Date "2010.06.04"]
[Round "3.17"]
[White "Seidl, Josef"]
[Black "Haider, Andreas"]
[Result "1/2-1/2"]
[WhiteElo "1315"]
[BlackElo "1563"]
[PlyCount "80"]
[EventDate "2010.06.??"]
[EventType "swiss"]
[EventRounds "7"]
[EventCountry "GER"]
[SourceDate "2015.11.02"]
[SourceVersionDate "2015.11.02"]
[WhiteTeam "TSV Kreuzberg"]
[BlackTeam "SV Aham"]

1. Nf3 g6 2. c4 Bg7 3. g3 e6 4. d3 Ne7 5. a3 Nbc6 6. Ra2 O-O 7. Bg2 Nd4 8. e3
Ndf5 9. b3 d5 10. O-O d4 11. e4 Nh6 12. Re1 Nc6 13. Bh3 e5 14. Bg2 Be6 15. h3
Qd7 16. Ng5 f6 17. Nxe6 Qxe6 18. Nd2 Nf7 19. Nf3 Bh6 20. Bd2 a5 21. Qc1 a4 22.
Bxh6 Nxh6 23. b4 Kg7 24. Nh2 b5 25. Rc2 Na7 26. f4 Rac8 27. g4 exf4 28. Qxf4 g5
29. Qf2 Rcd8 30. Rec1 Nf7 31. Nf3 Qd7 32. Qg3 Qd6 33. Qxd6 Rxd6 34. c5 Rdd8 35.
c6 Ne5 36. Nxe5 fxe5 37. Rc5 Kf6 38. Rf1+ Ke6 39. Rf5 Rxf5 40. exf5+ Kf6
1/2-1/2

[Event "Niederbayrische Einzelmeisterschaft"]
[Site "Niederbayern"]
[Date "2010.06.04"]
[Round "4.1"]
[White "Holzer, Richard"]
[Black "Heiduczek, Josef"]
[Result "0-1"]
[WhiteElo "2157"]
[BlackElo "2168"]
[PlyCount "88"]
[EventDate "2010.06.??"]
[EventType "swiss"]
[EventRounds "7"]
[EventCountry "GER"]
[SourceDate "2015.11.02"]
[SourceVersionDate "2015.11.02"]
[WhiteTeam "SK Passau 1869"]
[BlackTeam "SC Rottal"]

1. e4 e5 2. Nf3 d6 3. d4 exd4 4. Nxd4 Nf6 5. Nc3 Be7 6. Be2 O-O 7. O-O Re8 8.
Re1 Bf8 9. Bf3 Nbd7 10. Bf4 Ne5 11. Qe2 Nxf3+ 12. Qxf3 h6 13. h3 Nd7 14. Rad1
g6 15. Nd5 c6 16. Ne3 Qh4 17. c3 Ne5 18. Qg3 Qf6 19. Ng4 Nxg4 20. hxg4 g5 21.
Bc1 Be6 22. b3 d5 23. Qf3 Qxf3 24. gxf3 Bg7 25. Nxe6 fxe6 26. Re3 Be5 27. exd5
Bf4 28. Rxe6 Bxc1 29. Rxc1 cxd5 30. Rxe8+ Rxe8 31. Rd1 Rd8 32. Rd4 Kf7 33. c4
Ke6 34. Kf1 Ke5 35. Rxd5+ Rxd5 36. cxd5 Kxd5 37. Ke2 Kd4 38. Kd2 b5 39. Kc2 Ke5
40. Kd3 Kf4 41. Kd4 Kxf3 42. Kc5 Kxg4 43. Kxb5 h5 44. Ka6 h4 0-1

[Event "Niederbayrische Einzelmeisterschaft"]
[Site "Niederbayern"]
[Date "2010.06.04"]
[Round "4.2"]
[White "Woitylak, Steffen"]
[Black "Thanner, Daniel"]
[Result "1/2-1/2"]
[WhiteElo "1850"]
[BlackElo "1722"]
[PlyCount "48"]
[EventDate "2010.06.??"]
[EventType "swiss"]
[EventRounds "7"]
[EventCountry "GER"]
[SourceDate "2015.11.02"]
[SourceVersionDate "2015.11.02"]
[WhiteTeam "FC Ergolding 1932"]
[BlackTeam "SC Ortenburg 1894"]

1. Nf3 d5 2. b3 Nf6 3. Bb2 Nc6 4. e3 Bg4 5. Be2 e6 6. h3 Bf5 7. O-O Bd6 8. c4
Qe7 9. d4 b6 10. cxd5 exd5 11. Nc3 O-O 12. Nb5 Ne4 13. Rc1 Nd8 14. Nxd6 Qxd6
15. Nh4 Bd7 16. Qc2 c6 17. Nf3 f6 18. Bd3 Qe6 19. Nd2 Nxd2 20. Qxd2 Nf7 21.
Rfe1 Nd6 22. Ba3 Rfe8 23. Qc2 g6 24. Qe2 Kg7 1/2-1/2

[Event "Niederbayrische Einzelmeisterschaft"]
[Site "Niederbayern"]
[Date "2010.06.04"]
[Round "4.3"]
[White "Stroeher, Wolfgang"]
[Black "Wisnet, Dominic"]
[Result "0-1"]
[WhiteElo "2003"]
[BlackElo "2167"]
[PlyCount "98"]
[EventDate "2010.06.??"]
[EventType "swiss"]
[EventRounds "7"]
[EventCountry "GER"]
[SourceDate "2015.11.02"]
[SourceVersionDate "2015.11.02"]
[WhiteTeam "SC Straubing"]
[BlackTeam "SC Rottal"]

1. e4 c5 2. c3 Nf6 3. e5 Nd5 4. Bc4 Nb6 5. Bb3 d5 6. exd6 Qxd6 7. Na3 a6 8. Qf3
e6 9. Ne2 Nc6 10. O-O Ne5 11. Qg3 Nd3 12. Qxd6 Bxd6 13. Nc4 Nxc4 14. Bxc4 Ne5
15. Bb3 c4 16. Bc2 g5 17. b3 b5 18. bxc4 bxc4 19. Rb1 h5 20. Nd4 f5 21. Re1 Kf7
22. Ba3 Bc7 23. Ba4 Rd8 24. Nc6 Nxc6 25. Bxc6 Rb8 26. Rxb8 Bxb8 27. Rd1 Bf4 28.
Bf3 h4 29. g3 Be5 30. Bb4 Bc7 31. Kf1 e5 32. Be2 Be6 33. d3 hxg3 34. hxg3 a5
35. Ba3 cxd3 36. Rxd3 Bxa2 37. Rxd8 Bxd8 38. c4 Be7 39. Bxe7 Kxe7 40. Ke1 Kd6
41. Kd2 Kc5 42. Kc3 e4 43. Bf1 f4 44. gxf4 gxf4 45. Bg2 f3 46. Bf1 a4 47. Bh3
Bxc4 48. Bg4 a3 49. Bf5 a2 0-1

[Event "Niederbayrische Einzelmeisterschaft"]
[Site "Niederbayern"]
[Date "2010.06.04"]
[Round "4.4"]
[White "Mueller, Michael"]
[Black "Schubert, Josef"]
[Result "1/2-1/2"]
[WhiteElo "2009"]
[BlackElo "1922"]
[PlyCount "136"]
[EventDate "2010.06.??"]
[EventType "swiss"]
[EventRounds "7"]
[EventCountry "GER"]
[SourceDate "2015.11.02"]
[SourceVersionDate "2015.11.02"]
[WhiteTeam "SC Bayerwald/Regen"]
[BlackTeam "SK Landshut"]

1. e4 Nf6 2. d3 e5 3. Nf3 Nc6 4. c3 d5 5. Nbd2 Bg4 6. Be2 Qd7 7. O-O O-O-O 8.
b4 Qe8 9. b5 dxe4 10. dxe4 Nb8 11. Qa4 Bc5 12. Nb3 Bb6 13. Bg5 Nbd7 14. Qb4 h6
15. Bxf6 gxf6 16. a4 Qf8 17. a5 Bc5 18. Nxc5 Qxc5 19. Rfd1 Qxb4 20. cxb4 Nb8
21. Kf1 Rxd1+ 22. Rxd1 Rd8 23. Ke1 Rxd1+ 24. Kxd1 Be6 25. Kd2 Kd7 26. Kc3 Kd6
27. Nd2 Nd7 28. Nf1 Nf8 29. Ne3 Ng6 30. g3 Ne7 31. Bg4 b6 32. axb6 axb6 33. f4
Bxg4 34. Nxg4 Ng8 35. Ne3 Ne7 36. Kd3 Ke6 37. Ng4 Ng8 38. h4 exf4 39. gxf4 f5
40. Ne3 fxe4+ 41. Kxe4 f5+ 42. Kd4 Nf6 43. Kc4 Ne4 44. Kd4 Nd6 45. Nd5 Nxb5+
46. Kc4 Na3+ 47. Kd4 Nc2+ 48. Kc4 b5+ 49. Kc5 Kd7 50. h5 c6 51. Nf6+ Kc7 52.
Ng8 Ne1 53. Nxh6 Nd3+ 54. Kd4 Nxf4 55. Nxf5 Nxh5 56. Kc3 Nf4 57. Nd4 Nd5+ 58.
Kb3 Kd6 59. Nf3 Nf4 60. Kc3 Kd5 61. Nd4 Ng6 62. Nf5 Ne5 63. Ne3+ Ke4 64. Nc2
Nd3 65. Kb3 Nc1+ 66. Kc3 Ne2+ 67. Kd2 Nd4 68. Ne1 Ne6 1/2-1/2

[Event "Niederbayrische Einzelmeisterschaft"]
[Site "Niederbayern"]
[Date "2010.06.04"]
[Round "4.5"]
[White "Grum, Theodor"]
[Black "Palmi, Herbert"]
[Result "1/2-1/2"]
[WhiteElo "1773"]
[BlackElo "2008"]
[PlyCount "39"]
[EventDate "2010.06.??"]
[EventType "swiss"]
[EventRounds "7"]
[EventCountry "GER"]
[SourceDate "2015.11.02"]
[SourceVersionDate "2015.11.02"]
[WhiteTeam "SC Grafenau"]
[BlackTeam "SC Bayerwald/Regen"]

1. e4 c5 2. Nf3 a6 3. c4 g6 4. d4 Bg7 5. Nc3 cxd4 6. Nxd4 Nc6 7. Be3 d6 8. Be2
Nf6 9. O-O O-O 10. f3 Nh5 11. Kh1 e5 12. Nxc6 bxc6 13. Qd2 Qe7 14. Rad1 Rd8 15.
c5 Bf8 16. cxd6 Rxd6 17. Qxd6 Qxd6 18. Rxd6 Bxd6 19. Rd1 Be7 20. Bc4 1/2-1/2

[Event "Niederbayrische Einzelmeisterschaft"]
[Site "Niederbayern"]
[Date "2010.06.04"]
[Round "4.6"]
[White "Zepke, Armin"]
[Black "Siebert, Joachim"]
[Result "1/2-1/2"]
[WhiteElo "1989"]
[BlackElo "1926"]
[PlyCount "81"]
[EventDate "2010.06.??"]
[EventType "swiss"]
[EventRounds "7"]
[EventCountry "GER"]
[SourceDate "2015.11.02"]
[SourceVersionDate "2015.11.02"]
[WhiteTeam "SC Bayerwald/Regen"]
[BlackTeam "SK Landshut"]

1. d4 Nf6 2. Bf4 e6 3. e3 d5 4. Nd2 Bd6 5. Bg3 O-O 6. Ngf3 c6 7. Ne5 Qc7 8. Bd3
Nbd7 9. f4 Re8 10. Bh4 Nf8 11. Bxf6 gxf6 12. Ng4 Qe7 13. O-O f5 14. Nf2 Ng6 15.
g4 Kh8 16. g5 Rg8 17. Nf3 f6 18. Kh1 Bd7 19. Rg1 Rg7 20. Qd2 Rag8 21. Rg3 fxg5
22. Nxg5 Nh4 23. Rag1 h6 24. Ngh3 Be8 25. Be2 Ng6 26. Nd3 Qh4 27. Qe1 Be7 28.
R1g2 Nf8 29. Qg1 Rxg3 30. Rxg3 Rxg3 31. Qxg3 Qxg3 32. hxg3 Nh7 33. Nhf2 Nf6 34.
Kg2 Kg7 35. Ne5 c5 36. c3 c4 37. g4 Bg6 38. Kg3 h5 39. g5 Ng4 40. Nfxg4 hxg4
41. e4 1/2-1/2

[Event "Niederbayrische Einzelmeisterschaft"]
[Site "Niederbayern"]
[Date "2010.06.04"]
[Round "4.7"]
[White "Popp, Michael"]
[Black "Kleibel, Uwe"]
[Result "1/2-1/2"]
[WhiteElo "1989"]
[BlackElo "1880"]
[PlyCount "81"]
[EventDate "2010.06.??"]
[EventType "swiss"]
[EventRounds "7"]
[EventCountry "GER"]
[SourceDate "2015.11.02"]
[SourceVersionDate "2015.11.02"]
[WhiteTeam "TV 1862 Geiselhöring"]
[BlackTeam "SC Ortenburg 1894"]

1. d4 d5 2. c4 c6 3. Nf3 Nf6 4. e3 Bf5 5. Bd2 e6 6. Nc3 Nbd7 7. Nh4 Bg6 8. cxd5
cxd5 9. Nxg6 hxg6 10. Bd3 a6 11. Ne2 Be7 12. b4 O-O 13. O-O Ne8 14. a4 Nd6 15.
a5 Nf6 16. Nc1 Qd7 17. Nb3 Rfc8 18. Nc5 Qe8 19. Qb3 Rc7 20. Rfc1 Nb5 21. Rc2
Rac8 22. Rac1 Bxc5 23. bxc5 Na7 24. Rb2 Qd7 25. Rcb1 Nc6 26. Qc3 Nd8 27. f4 Ne4
28. Qc2 f5 29. Be1 Nf6 30. Qd1 Ra8 31. Rb6 Qc8 32. Bc2 Nd7 33. R6b2 Nf6 34. Bh4
Nc6 35. Qe1 Kf7 36. Ba4 Nd8 37. Rb6 Rb8 38. R1b2 Ra8 39. Qb1 Ra7 40. Qa2 Ra8
41. h3 1/2-1/2

[Event "Niederbayrische Einzelmeisterschaft"]
[Site "Niederbayern"]
[Date "2010.06.04"]
[Round "4.8"]
[White "Schindlbeck, Tobias"]
[Black "Ertl, Helmut"]
[Result "1-0"]
[WhiteElo "1939"]
[BlackElo "1627"]
[PlyCount "71"]
[EventDate "2010.06.??"]
[EventType "swiss"]
[EventRounds "7"]
[EventCountry "GER"]
[SourceDate "2015.11.02"]
[SourceVersionDate "2015.11.02"]
[WhiteTeam "FC Ergolding 1932"]
[BlackTeam "SV Deggendorf"]

1. d4 d5 2. Nf3 Nf6 3. e3 Bg4 4. b3 Nbd7 5. Bb2 e6 6. Nbd2 c5 7. Be2 Rc8 8. O-O
Be7 9. c4 O-O 10. cxd5 Nxd5 11. Nc4 cxd4 12. Qxd4 Bf6 13. Qxg4 Bxb2 14. Nxb2
Rc2 15. Nc4 Rxe2 16. Nd4 b5 17. Qxe2 bxc4 18. Qxc4 Ne5 19. Qc2 Qh4 20. Rac1 h5
21. Qe2 g6 22. Nf3 Qg4 23. h3 Nxf3+ 24. Qxf3 Qb4 25. Qe2 Nb6 26. Qa6 Qe7 27.
Rfd1 Kg7 28. a3 Nd5 29. b4 g5 30. Qc4 Qb7 31. Qd4+ Kg6 32. Qe4+ Kg7 33. Qe5+
Kg6 34. Rc5 Rd8 35. e4 f6 36. Qxe6 1-0

[Event "Niederbayrische Einzelmeisterschaft"]
[Site "Niederbayern"]
[Date "2010.06.04"]
[Round "4.9"]
[White "Lichtmannecker, Hans-Juergen"]
[Black "Zankl, Thomas"]
[Result "0-1"]
[WhiteElo "1666"]
[BlackElo "1972"]
[PlyCount "62"]
[EventDate "2010.06.??"]
[EventType "swiss"]
[EventRounds "7"]
[EventCountry "GER"]
[SourceDate "2015.11.02"]
[SourceVersionDate "2015.11.02"]
[WhiteTeam "SV Aham"]
[BlackTeam "SC Rottal"]

1. d4 Nf6 2. Nc3 d5 3. Bg5 Nbd7 4. Nf3 c6 5. Bxf6 Nxf6 6. Ne5 Bf5 7. e3 Qa5 8.
Bd3 Ne4 9. O-O Nxc3 10. bxc3 Bxd3 11. Qxd3 f6 12. Nf3 e6 13. a4 Bd6 14. Rfb1
Qc7 15. c4 b6 16. cxd5 cxd5 17. e4 O-O 18. exd5 exd5 19. Qf5 Qf7 20. Rb5 Rfd8
21. g3 Rac8 22. a5 Bc7 23. a6 Qd7 24. Qxd7 Rxd7 25. Re1 Kf7 26. Nh4 Bd8 27. Re2
Rc4 28. Rd2 Ra4 29. Ng2 Ra1+ 30. Ne1 Rxe1+ 31. Kg2 Ra1 0-1

[Event "Niederbayrische Einzelmeisterschaft"]
[Site "Niederbayern"]
[Date "2010.06.04"]
[Round "4.10"]
[White "Grigore-Nikolitsch, Corneliu"]
[Black "Oberpriller, Johannes"]
[Result "0-1"]
[WhiteElo "1633"]
[BlackElo "1800"]
[PlyCount "156"]
[EventDate "2010.06.??"]
[EventType "swiss"]
[EventRounds "7"]
[EventCountry "GER"]
[SourceDate "2015.11.02"]
[SourceVersionDate "2015.11.02"]
[WhiteTeam "SC Rottal"]
[BlackTeam "FC Ergolding 1932"]

1. e4 e6 2. d4 d5 3. exd5 exd5 4. h3 Nc6 5. Nf3 Bd6 6. c4 Nf6 7. c5 Be7 8. Bb5
Bd7 9. Bxc6 Bxc6 10. Ne5 Bb5 11. Nc3 Ba6 12. a4 O-O 13. b4 b6 14. b5 Bc8 15. c6
Re8 16. O-O a5 17. Bg5 h6 18. Bh4 Be6 19. f4 g6 20. Qf3 h5 21. Rae1 Qd6 22.
Bxf6 Bxf6 23. Ne2 Rad8 24. Ng3 Qb4 25. Qe3 h4 26. Ne2 Bf5 27. Nc3 Bg7 28. Qd2
Qd6 29. Nf3 Bf6 30. Rxe8+ Rxe8 31. Ne5 Qd8 32. Qa2 Be6 33. Kh2 Be7 34. Nd1 Bb4
35. Qb3 Bd6 36. Kh1 Kg7 37. Ne3 f6 38. N5g4 Bb4 39. Qd3 Bf7 40. Nc2 Bd6 41. Qd2
Re4 42. Rf3 Qe7 43. Rf2 Be6 44. f5 Bxf5 45. Rxf5 gxf5 46. Qh6+ Kf7 47. Qh7+ Kf8
48. Qh8+ Kf7 49. Qh7+ Ke6 50. Qg8+ Qf7 51. Qc8+ Ke7 52. Nge3 Qe6 53. Nxf5+ Kf7
54. Nxd6+ Qxd6 55. Qf5 Re8 56. Qh5+ Ke7 57. Qxh4 Kd8 58. Ne1 Qe6 59. Nf3 Qf5
60. Kh2 Rg8 61. Ne5 Kc8 62. Ng4 Qf4+ 63. Kh1 f5 64. Qh7 Qg5 65. Ne3 f4 66. Qf5+
Qxf5 67. Nxf5 Kd8 68. Kg1 Rf8 69. Nh4 Re8 70. Kf2 Re4 71. Nf3 Ke7 72. g4 fxg3+
73. Kxg3 Re3 74. Kf4 Ra3 75. h4 Rxa4 76. Ke5 Ra1 77. Ng5 a4 78. Ne6 Re1+ 0-1

[Event "Niederbayrische Einzelmeisterschaft"]
[Site "Niederbayern"]
[Date "2010.06.04"]
[Round "4.11"]
[White "Reich, Christian"]
[Black "Schultes, Christoph"]
[Result "0-1"]
[WhiteElo "1564"]
[BlackElo "1707"]
[PlyCount "80"]
[EventDate "2010.06.??"]
[EventType "swiss"]
[EventRounds "7"]
[EventCountry "GER"]
[SourceDate "2015.11.02"]
[SourceVersionDate "2015.11.02"]
[WhiteTeam "SC Straubing"]
[BlackTeam "SK Landau-Dingolfing"]

1. e4 c5 2. Nf3 Nc6 3. h3 g6 4. c4 Bg7 5. Nc3 a6 6. d3 e6 7. Be2 Nge7 8. O-O
O-O 9. Rb1 Rb8 10. a4 d5 11. exd5 exd5 12. Bf4 Ra8 13. Re1 dxc4 14. dxc4 Bf5
15. Rc1 Qb6 16. Nd5 Nxd5 17. cxd5 Nd4 18. Nxd4 Bxd4 19. Bd3 Bxd3 20. Qxd3 Rad8
21. d6 Qxb2 22. Re2 Qb6 23. Rb1 Qc6 24. Qc4 Rfe8 25. Reb2 Bxb2 26. Rxb2 Rxd6
27. Bxd6 Re1+ 28. Kh2 Qxd6+ 29. g3 Qc6 30. f3 Qxf3 31. Rg2 Qf1 32. Qxf1 Rxf1
33. Rb2 Ra1 34. Rxb7 Rxa4 35. Rc7 c4 36. h4 h5 37. Kg2 Kg7 38. Rc6 a5 39. Kh3
Rb4 40. Kg2 a4 0-1